000 00966nam a22003017a 4500
001 BR2011005862
003 BR-BrBNA
005 20230928103755.0
007 ta
008 230509b bl.||||| |||| 00| 0 por d
040 _aBR-BrBNA
_bpor
_cBiblioteca Nacional de Agricultura
041 _a(Por)
072 _aM01
090 _ M01 BR2011005862
100 1 _aCarneiro, H.M. (ed.)
100 1 _aMotta, P.A. de P. (ed.)
110 1 _aFundação de Desenvolvimento Urbano e Meio Ambiente, Recife, PE (Brasil)
_95119
245 1 _aRegião metropolitana do Recife: proteção dos mananciais
_bSérie de Desenvolvimento Urbano e Meio Ambiente
260 3 _aRecife, PE (Brasil):
_c1987.
300 _a188 p.
500 _a6 illus.; 3 maps, scale 1- 200.000; 76 maps, scale 1- 20.000; 7 tables
650 _aLEI
650 _aMANANCIAL
650 _aABASTECIMENTO DE ÁGUA
650 _aCARTOGRAFIA
909 _a202309
_bLucia
_c55
_dLucia Elande
942 _cBK
999 _c76567
_d76567